Marketing for hospitality and tourism / (Record no. 17810)
[ view plain ]
| 000 -LEADER | |
|---|---|
| fixed length control field | 00775nam a22002412 4500 |
| 001 - CONTROL NUMBER | |
| control field | 0000006167 |
| 003 - CONTROL NUMBER IDENTIFIER | |
| control field | OSt |
| 005 - DATE AND TIME OF LATEST TRANSACTION | |
| control field | 20190706144225.0 |
| 008 - FIXED-LENGTH DATA ELEMENTS--GENERAL INFORMATION | |
| fixed length control field | 070921s xx 000 0 eng d |
| 020 ## - INTERNATIONAL STANDARD BOOK NUMBER | |
| International Standard Book Number | 1292156155 |
| Terms of availability | 3016 |
| 040 ## - CATALOGING SOURCE | |
| Original cataloging agency | KABU |
| Transcribing agency | KABU |
| 050 ## - LIBRARY OF CONGRESS CALL NUMBER | |
| Classification number | TX911.3 |
| Item number | .M37 2017 c.1 |
| 245 10 - TITLE STATEMENT | |
| Title | Marketing for hospitality and tourism / |
| Statement of responsibility, etc. | Philip Kotler ... [et al.]. |
| 250 ## - EDITION STATEMENT | |
| Edition statement | 7th ed. |
| 260 ## - PUBLICATION, DISTRIBUTION, ETC. (IMPRINT) | |
| Place of publication, distribution, etc. | Essex, England : |
| Name of publisher, distributor, etc. | Pearson education Limited, |
| Date of publication, distribution, etc. | 2017. |
| 300 ## - PHYSICAL DESCRIPTION | |
| Extent | 680 p. |
| 650 #0 - SUBJECT ADDED ENTRY--TOPICAL TERM | |
| Topical term or geographic name as entry element | Hospitality industry |
| General subdivision | Marketing. |
| 650 #0 - SUBJECT ADDED ENTRY--TOPICAL TERM | |
| Topical term or geographic name as entry element | Tourism |
| General subdivision | Marketing. |
| 700 1# - ADDED ENTRY--PERSONAL NAME | |
| Personal name | Kotler, Philip ... [et al.]. |
| 908 ## - PUT COMMAND PARAMETER (RLIN) | |
| Put command parameter | 070921 |
| 942 ## - ADDED ENTRY ELEMENTS (KOHA) | |
| Source of classification or shelving scheme | Library of Congress Classification |
| Koha item type | General Collection |
| Classification part | TX911.3 |
| Item part | .M37 2017 c.1 |
| Withdrawn status | Lost status | Source of classification or shelving scheme | Not for loan | Home library | Current library | Date acquired | Cost, normal purchase price | Total Checkouts | Full call number | Barcode | Date last seen | Date last checked out | Copy number | Price effective from | Koha item type |
|---|---|---|---|---|---|---|---|---|---|---|---|---|---|---|---|
| Library of Congress Classification | Kabarak, Main Campus | Kabarak, Main Campus | 06/07/2019 | 5390.00 | 2 | TX911.3 .M37 2017 c.1 | 023529 | 01/11/2023 | 06/10/2023 | c. 1 | 06/07/2019 | General Collection |